Estratǧia de avaliaȯ̂ dos riscos ambientais Tratamento estats̕tico dos dados /

Detalles Bibliográficos
Autor principal: Messias Saliba, Tuffi
Otros Autores: De Freitas Lanza, Maria Beatriz
Formato: eBook
Lenguaje:portugués
Publicado: San Pablo: LTR, 2018
Materias:
Acceso en línea:Acceso restringido

MARC

LEADER 00000nam a22000007a 4500
005 20190712002628.0
007 cr|||| ||||
008 190712s2018 br |||||s|||| 00||0 por d
020 |a 978-85-361-9865-1 
035 |a 23765 
040 |a vLex 
090 |c 9025  |d 9025 
100 1 |a Messias Saliba, Tuffi 
245 1 0 |a Estratǧia de avaliaȯ̂ dos riscos ambientais  |h [Recurso electrn̤ico] :  |b Tratamento estats̕tico dos dados /  |c Tuffi Messias Saliba, Maria Beatriz De Freitas Lanza 
256 |a Servicio en ln̕ea 
260 |a San Pablo:  |b LTR,  |c 2018 
300 |a 1 recurso electrn̤ico 
500 |a Este livro aborda de forma objetiva a estratǧia de avaliaȯ̂ dos riscos fs̕icos e qum̕icos. Os temas, incluindo noė̳s de estats̕tica, sô tratados de forma prt̀ica, com exemplos de casos concretos, visando facilitar a compreensô do conted︢o. 
506 1 |a Disponible solo en los productos indicados  |d vLex Global  |d vLex Global (Academic Edition, excluding Law Schools)  |d vLex Global (U.S. Academic Edition, Law Schools)  |d vLex Global (U.S. Academic Edition, excluding Law Schools)  |d vLex Global (Academic Edition, Law Schools) 
650 0 4 |a Prevencin̤ de Riesgos Laborales  |z Brasil 
700 1 |a De Freitas Lanza, Maria Beatriz 
740 0 |a vLex Libros (Servicio en ln̕ea) 
856 4 0 |u http://vlex.com/source/estrategia-de-avalia-o-dos-riscos-ambientais-tratamento-estatistico-dos-dados-23765  |z Acceso restringido 
942 |c BOOK 
999 0 |a Prevention of occupational hazards